书目信息 |
| 题名: |
微型化学实验
|
|
| 作者: | 万平 , 周贤爵 编 | |
| 分册: | ||
| 出版信息: | 北京 中国石化出版社 2009.10 |
|
| 页数: | 222页 | |
| 开本: | 26cm | |
| 丛书名: | ||
| 单 册: | ||
| 中图分类: | O6-3 | |
| 科图分类: | ||
| 主题词: | 化学实验--hua xue shi yan--高等学校--教材 | |
| 电子资源: | ||
| ISBN: | 978-7-5114-0042-0 | |
| 000 | 00977nam0 2200265 450 | |
| 001 | 012010720823 | |
| 005 | 20100819161433.64 | |
| 010 | @a978-7-5114-0042-0@dCNY32.00 | |
| 100 | @a20100819d2009 em y0chiy0120 ea | |
| 101 | 0 | @achi |
| 102 | @aCN@b110000 | |
| 105 | @aak a 000yy | |
| 106 | @ar | |
| 200 | 1 | @a微型化学实验@Awei xing hua xue shi yan@f万平, 周贤爵编@Fwan ping,zhou xian jue bian |
| 210 | @a北京@c中国石化出版社@d2009.10 | |
| 215 | @a222页@c图@d26cm | |
| 300 | @a高等院校“十一五”规划教材 | |
| 320 | @a有书目 (第222页) | |
| 330 | @a本书中实验是作者多年来在对无机普化实验微型化改革实践研究成果的基础上,加上简单的微型有机实验和常规物理化学实验,按实验基础知识、基本性能实验、综合应用性实验和探究设计性实验四个篇章共编写了60个实验。 | |
| 606 | 0 | @a化学实验@Ahua xue shi yan@x高等学校@j教材 |
| 690 | @aO6-3@v4 | |
| 701 | 0 | @a万平@Awan ping@4编 |
| 701 | 0 | @a周贤爵@Azhou xian jue@4编 |
| 801 | 0 | @aCN@bQSSK@c20100819 |
| 905 | @b786679-81@dO6-3@eW037@f3 | |
| 微型化学实验/万平, 周贤爵编.-北京:中国石化出版社,2009.10 |
| 222页:图;26cm |
| 高等院校“十一五”规划教材 |
| ISBN 978-7-5114-0042-0:CNY32.00 |
| 本书中实验是作者多年来在对无机普化实验微型化改革实践研究成果的基础上,加上简单的微型有机实验和常规物理化学实验,按实验基础知识、基本性能实验、综合应用性实验和探究设计性实验四个篇章共编写了60个实验。 |
| ● |
| 相关链接 |
|
|
|
正题名:微型化学实验
索取号:O6-3/W037
 
预约/预借
| 序号 | 登录号 | 条形码 | 馆藏地/架位号 | 状态 | 备注 |
| 1 | 786679 | 207866790 | 自科库401/401自科库 60排6列5层/ [索取号:O6-3/W037] | 在馆 | |
| 2 | 786680 | 207866807 | 自科库401/401自科库 60排6列5层/ [索取号:O6-3/W037] | 在馆 | |
| 3 | 786681 | 207866816 | 自科库401/401自科库 60排6列5层/ [索取号:O6-3/W037] | 在馆 |